000 00313 a2200133 4500
001 155436
040 _cEscola São Tomás de Aquino
240 1 0 _aAprender juntos português 3
_lpor
245 1 0 _aAprender juntos português 3
300 _a303
362 0 _a2013
697 _aLíngua portuguesa
942 _cBK
999 _c155436
_d155436